00944nam a2200241 a 450000100100000000500170001000800410002702000150006804000250008304100390010808200130014710000270016024000380018724501340022526000380035930000210039753400610041870000270047970000530050604900090055995201170056899900170068500002359320200930022332.0101215s1984 mx 000 0 spa d a9684090323 aDO-SdBNPbspacBNPHU17aspaheng2Código de idiomas MARC ann*bnn*1 aThorne, Barrie.94863010aRethinking the family.lEspañol13aLa familia :b¿quién manda? ¿él o ella? /cBarrie Thorne y Marilyn Yalom ; traducción Marta Cecilia Kleen de la Portilla. aMéxico, D. F. :bEdamex,c1984. a306 p. ;c19 cm. aTítulo de la obra en inglés :tRethinking the family1 aYalom, Marilyn.9486311 aKleen de la Portilla, Marta Cecilia,etr.948632 aBNGR 001054708MOaGRbGRcCTd2010-12-15iLF1l0onn* nn*p23593-10r2020-06-25w2020-06-25y4ZPréstamo en sala c23089d23089